| 000 | 00555nam a22002057a 4500 | ||
|---|---|---|---|
| 003 | Ost | ||
| 005 | 20250505122307.0 | ||
| 008 | 250505b |||||||| |||| 00| 0 eng d | ||
| 020 | _a9788174092304 | ||
| 040 | _cBT-PhCST | ||
| 050 | _aD4664 | ||
| 082 |
_222 _a363.728 _bGAR |
||
| 100 | _aGarg, S.K. | ||
| 245 | _aSewage disposal and air pollution engineering / | ||
| 260 |
_aNew Delhi, _bKhana Publishers, _cc1979. |
||
| 300 |
_axx, 1189 p. : _bill. ; _c22 cm. |
||
| 440 | _vVol. II | ||
| 500 | _aIncludes Index and bibliography. | ||
| 942 |
_2ddc _cCIVIL |
||
| 999 |
_c10003 _d10003 |
||